00331nam a22001337a 4500003000400000008004100004020001800045082001600063100001700079245004500096260003700141300000800178650001100186OSt250403b |||||||| |||| 00| 0 eng d a9789360539641 a005.133 DRD aDROZDEK,Adam aData Structures and Algorithms in Python aN. delhibCengage Learningc2024 a729 aPython